| 000 | 00971nam a2200229 i 4500 | ||
|---|---|---|---|
| 001 | 62061 | ||
| 003 | ES-MaACL | ||
| 005 | 20251105063130.0 | ||
| 007 | t| | ||
| 008 | 031117s1919 sp ||||1| cat d | ||
| 100 | 1 |
_aFaura i Sans, M., _d1883-1941 _948954 |
|
| 245 | 1 | 0 |
_aCatàleg de l'Exposició de mapes de Catalunya _b: celebrada del 24 de gener al 15 de febrer de 1919 / _cpel Dr. M. Faura i Sans ; amb la col·laboració de Dr. Jaume Marcet, Josep Franch. |
| 260 |
_aBarcelona : _b[s.n.], _c1919. |
||
| 300 |
_a49 p., XIV h. de lám : _b ; _c23 cm. |
||
| 500 | _aExtret del Bulleti del Centre Excursioniste de Catalunya corresponent a Marc - julio de 1919. | ||
| 594 | _aPrecede al tít.: Centre Excursionista de Catalunya, Secció de Geologia i Geografia Física. | ||
| 651 | 4 |
_aCataluña- _xMapas. _9161204 |
|
| 700 | 0 |
_aMarcet y Riba, Jaime. _976388 |
|
| 700 | 1 |
_aFranch, Josep. _9161203 |
|
| 852 |
_aES-MaACL _j1577-F-32 |
||
| 999 |
_c62061 _d62061 |
||